The Ultimate book of royal icing
| Main Author: | |
|---|---|
| Format: | Book |
| Published: |
London :
Merehurst ,
1992
|
| Subjects: |
MARC
| LEADER | 00000cam a2200000 7i4500 | ||
|---|---|---|---|
| 001 | 0000001743 | ||
| 002 | 000001899 | ||
| 005 | 20000330.0 | ||
| 020 | |a 1853911593 | ||
| 090 | 0 | 0 | |a 641.8653 |b BRA |
| 100 | 1 | |a Bradshaw, Lindsay John | |
| 245 | 1 | 4 | |a The Ultimate book of royal icing |c Lindsay John Bradshaw |
| 260 | |a London : |b Merehurst , |c 1992 | ||
| 300 | |a 160p. ; |c 28 cm. | ||
| 650 | 0 | 0 | |a Cake decorating |
| 999 | |a 034856 |b BUKU |c PINJAMAN |e PERPUSTAKAAN KOMUNITI PETALING JAYA | ||
| 999 | |a 047720 |b BUKU |c PINJAMAN |e PERPUSTAKAAN KOMUNITI PETALING JAYA | ||